|
|
|
|
| LEADER |
00000nab a2200000 a 4500 |
| 001 |
vtls000869615 |
| 003 |
SK-MaSNL |
| 005 |
20260304130925.0 |
| 008 |
250429c2004 xo 0 slo |
| 015 |
|
|
|a SNBRB2004/04-12545
|
| 035 |
|
|
|a CLN000221167
|
| 035 |
|
|
|a urn:nbn:sk:snk-abs6d
|
| 035 |
|
|
|a (urnnbn)urn:nbn:sk:snk:ar-a05g9x
|
| 035 |
|
|
|a (uuid)07bb240f-6894-47f9-b5dc-b8486aaf5564
|
| 040 |
|
|
|a SNKBUCL
|b slo
|c SNKBUCL
|e AACR2
|
| 041 |
0 |
|
|a cze
|
| 044 |
|
|
|a xo
|c SK
|
| 080 |
|
|
|a 616.348-006.6-053.9:616-089.87(437.1/.2)
|2 1997
|
| 245 |
0 |
0 |
|a Resekce kolorektálního karcinomu u starých pacientů. Údaje z České republiky za rok 2001
|c R. Gürlich ... [et al.]
|
| 246 |
1 |
1 |
|a Resection of colorectal carcinoma in old patients. Czech Republic data for the year 2001
|
| 300 |
|
|
|b Tab.
|
| 504 |
|
|
|a Res. angl., čes.
|
| 504 |
|
|
|a Bibliogr. odkazy
|
| 650 |
0 |
7 |
|a črevo hrubé
|x patofyziológia
|x chirurgia
|2 MESH
|9 1443125
|
| 650 |
0 |
7 |
|a výkony chirurgické operačné
|x využitie
|x ľudia pokročilého veku
|2 MESH
|9 1395362
|
| 650 |
0 |
7 |
|a prežívanie
|x fyziológia
|x ľudia pokročilého veku
|2 MESH
|9 1443126
|
| 650 |
0 |
7 |
|a nádory kolorektálne
|x diagnostika
|x patológia
|x ľudia pokročilého veku
|2 MESH
|9 1443127
|
| 650 |
0 |
7 |
|a štúdie retrospektívne
|2 MESH
|9 839232
|
| 650 |
0 |
7 |
|a resekcia kolorektálneho karcinómu
|2 snkbucl
|9 1443128
|
| 651 |
|
7 |
|a Česko
|2 snkbucl
|9 16753
|
| 651 |
|
7 |
|a Česko
|2 MESH
|9 16753
|
| 655 |
|
7 |
|a články z novín a časopisov
|2 snkbucl
|9 267496
|
| 700 |
1 |
|
|a Maruna, P.
|4 aut
|9 1150415
|
| 700 |
1 |
|
|a Gürlich, R.
|4 aut
|9 1145122
|
| 700 |
1 |
|
|a Kalvach, Zdeněk,
|d 1951-
|4 aut
|9 200204
|
| 700 |
1 |
|
|a Čermák, J.
|4 aut
|9 633640
|
| 700 |
1 |
|
|a Pešková, M.
|4 aut
|9 945785
|
| 773 |
0 |
|
|t Geriatria
|g Roč. 10, č. 1 (2004), s. 12-17
|x 1335-1850
|
| 850 |
|
|
|a Slovenská národná knižnica
|
| 852 |
|
|
|a Slovenská národná knižnica
|
| 954 |
|
|
|a odborná, vedecká literatúra cudzojazyčná (svetová)
|2 lita
|
| 958 |
|
|
|a article27
|
| 958 |
|
|
|a MI
|
| 958 |
|
|
|a NB
|
| 958 |
|
|
|a CZ
|
| 958 |
|
|
|a OND
|
| 958 |
|
|
|a EUIPO
|
| 999 |
|
|
|c 2895843
|d 2897773
|